000 00312nam a22001337a 4500
020 _aNA
082 _222
_a621.31
100 _aRazevig, D. V. and Chourasia, M. P.
245 _aHigh voltage engineering /
250 _a2nd ed.
260 _bKhanna Publication,
_cc2000.
300 _a0
_bill. ;
942 _2ddc
_cEE
999 _c3415
_d3415